AH International Schools' Libraries

Mind your words: (Record no. 49596)

MARC details
000 -LEADER
fixed length control field 00342nam a2200109 4500
020 ## - INTERNATIONAL STANDARD BOOK NUMBER
International Standard Book Number 9781466991316
100 ## - MAIN ENTRY--PERSONAL NAME
Personal name Injeeli, Prudent.
9 (RLIN) 86712
245 ## - TITLE STATEMENT
Title Mind your words:
Remainder of title master the art of learning and teaching vocabulary /
Statement of responsibility, etc Prof. Dr. Prudent Injeeli.
260 ## - PUBLICATION, DISTRIBUTION, ETC. (IMPRINT)
Place of publication, distribution, etc Singapore:
Name of publisher, distributor, etc Trafford;
Date of publication, distribution, etc 2013.
300 ## - PHYSICAL DESCRIPTION
Extent 311 p.
Dimensions 28 cm.
942 ## - ADDED ENTRY ELEMENTS (KOHA)
Source of classification or shelving scheme
Koha item type Teacher's Resources
Holdings
Withdrawn status Lost status Source of classification or shelving scheme Damaged status Not for loan Collection code Home library Current library Shelving location Date acquired Total Checkouts Full call number Barcode Checked out Date last seen Date checked out Price effective from Koha item type
          TEACHERS' RESOURCES Asian Hope Secondary Library Asian Hope Secondary Library SECONDARY 10/02/2025 1 428 INJ 208718 02/10/2026 11/12/2025 11/12/2025 10/02/2025 Teacher's Resources

For any Logos Library related questions please contact Miss Art at swongnarasuk@asianhope.org.

For any Asian Hope Library related questions please contact Miss Raza at graza@asianhope.org.

Powered by Koha